000 01338nam a2200385 a 4500
001 000337
003 DO-SdBPM
005 20260521121451.0
007 ta
008 081127s2005 sp 000 0 spa d
020 _a 8495349183 (o.c.)
040 _aDO-SdBPM
_bspa
_cBPMSU
_erda
082 0 4 _a868.3
_bC419o 2005
_222
100 1 _aCervantes Saavedra, Miguel de,
_d1547-1616.
_935
_4aut.
_eautor
245 1 3 _a Obras completas /
_cMiguel de Cervantes Saavedra
250 _b
260 _aZaragosa, España :
_bPublicaciones S. L.,
_c2005
300 _avolumenes ;
_c20 cm.
336 _atexto
_btxt
_2rdacontent
337 _asin modiación
_bn
_2rdamedia
338 _avolumen
_bnc
_2rdacarrier
500 _a Edición conmemorativa del IV Centenario de don Quijote de la Mancha
505 0 _av.1: El trato de Argel -- La numancia. -- v.2: Los trabajos de periles y Siguismunda --
563 _aTres obras encadernadas juntas con paginación continúa
590 _aInventariado, 2026/VM
650 4 _aTeatro español
650 7 _aNovela española
650 7 _aPoesía española.
650 7 _aTeatro español.
650 4 _a Literatura picaresca española.
740 _aLos habladores
740 _aEl retablo de las maravillas
910 _a VMateo V. Control de calidad. BPMSU
942 _2ddc
_cBK
999 _c15862
_d15862